Partyzanci według państwa - Statystyki

Ogólne statystyki
  • Ten quiz został rozwiązany 1 833 razy
  • Średni wynik to 6 z 18
Statystyki odpowiedzi
Grupa partyzancka Państwo % Poprawnych
Hamas Izrael | Palestyna
95%
Talibowie Afganistan
93%
Czerwoni Khmerzy Kambodża
75%
IRA Wielka Brytania | Irlandia
74%
Hezbollah Liban
66%
ETA Hiszpania | Francja
45%
Boko Haram Nigeria
38%
Tamilskie Tygrysy Sri Lanka
36%
Zapatystowska Armia Wyzwolenia Narodowego Meksyk
20%
Świetlisty Szlak Peru
17%
Aum – Najwyższa Prawda Japonia
15%
FARC Kolumbia
14%
Sandiniści Nikaragua
14%
Mau Mau Kenia
13%
Armia Bożego Oporu Uganda
10%
Symbiotyczna Armia Wyzwolenia Stany Zjednoczone
9%
Dżandżawidzi Sudan
9%
Sandinistowski Front Wyzwolenia Moro Filipiny
7%
Nie znaleziono quizów pasujących do podanych kryteriów
Rozkład punktacji
Procent ludzi z każdym wynikiem
Percentyl według liczby udzielonych odpowiedzi
Twoja historia wyników
Nie rozwiązałeś tego quizu